000 00602nam a22002177a 4500
003 UA-OsUOA
001 83940
007 ta
008 20120510b un ||||| |||| 00| 0 ukr d
100 _aХмельковський Л.
090 _a94(477)
_bХ65
942 _cSA
040 _aUA-OsUOA
_bukr
_cUA-OsUOA
_dUA-OsUOA
245 _aЧорна хмара над Україною. До 75-річчя Великого терору
300 _aС.8
955 _a0
041 _aukr
080 _a94(477)
773 0 _w83938
650 7 _a9 Географія. Біографії. Історія
_2UDC
999 _c370247
_d370247